Going back to Bisbee / (Record no. 42)

MARC details
000 -LEADER
fixed length control field 01107cam a2200325 a 4500
005 - DATE AND TIME OF LATEST TRANSACTION
control field 20260322212004.0
008 - FIXED-LENGTH DATA ELEMENTS--GENERAL INFORMATION
fixed length control field data
010 ## - LIBRARY OF CONGRESS CONTROL NUMBER
LC control number 91041131
020 ## - INTERNATIONAL STANDARD BOOK NUMBER
International Standard Book Number 0816513023 (cloth : acidfree, archivalquality paper)
020 ## - INTERNATIONAL STANDARD BOOK NUMBER
International Standard Book Number 0816512892 (pbk. : acid-free, archival-quality paper)
020 ## - INTERNATIONAL STANDARD BOOK NUMBER
International Standard Book Number 978-0816512898 (pbk. : acid-free, archival-quality paper)
020 ## - INTERNATIONAL STANDARD BOOK NUMBER
International Standard Book Number 978-0816513024 (cloth : acid-free, archival-quality paper)
040 ## - CATALOGING SOURCE
Original cataloging agency DLC
Transcribing agency DLC
Modifying agency DLC
043 ## - GEOGRAPHIC AREA CODE
Geographic area code n-us-az
050 00 - LIBRARY OF CONGRESS CALL NUMBER
Classification number F815
Item number .S54 1992
082 00 - DEWEY DECIMAL CLASSIFICATION NUMBER
Classification number 979.1
Edition information 20
092 ## - LOCALLY ASSIGNED DEWEY CALL NUMBER (OCLC)
Classification number 979.1 S54 1992
001 - CONTROL NUMBER
control field data
100 1# - MAIN ENTRY--PERSONAL NAME
Personal name Shelton, Richard,
Dates associated with a name 1933-
245 10 - TITLE STATEMENT
Title Going back to Bisbee /
Statement of responsibility, etc. Richard Shelton.
260 ## - PUBLICATION, DISTRIBUTION, ETC.
Place of publication, distribution, etc. Tucson :
Name of publisher, distributor, etc. University of Arizona Press,
Date of publication, distribution, etc. c1992.
300 ## - PHYSICAL DESCRIPTION
Extent vii, 329 p. :
Other physical details map ;
Dimensions 25 cm.
504 ## - BIBLIOGRAPHY, ETC. NOTE
Bibliography, etc. note Includes bibliographical references (p. 323-328).
600 10 - SUBJECT ADDED ENTRY--PERSONAL NAME
Personal name Shelton, Richard,
Dates associated with a name 1933-
General subdivision Travel
Geographic subdivision Arizona.
650 #0 - SUBJECT ADDED ENTRY--TOPICAL TERM
Topical term or geographic name entry element Natural history
Geographic subdivision Arizona.
650 #0 - SUBJECT ADDED ENTRY--TOPICAL TERM
Topical term or geographic name entry element Desert ecology
Geographic subdivision Arizona.
651 #0 - SUBJECT ADDED ENTRY--GEOGRAPHIC NAME
Geographic name Arizona
General subdivision Description and travel.
651 #0 - SUBJECT ADDED ENTRY--GEOGRAPHIC NAME
Geographic name Arizona
General subdivision History, Local.
651 #0 - SUBJECT ADDED ENTRY--GEOGRAPHIC NAME
Geographic name Bisbee (Ariz.)
Holdings
Withdrawn status Lost status Damaged status Not for loan Home library Current library Shelving location Date acquired Total checkouts Full call number Barcode Date last seen Price effective from Koha item type
        Pleasant Valley Pleasant Valley General stacks 22/03/2026   979.1 20 BC0010042 22/03/2026 22/03/2026 Books